1360 1206 1530 1882 1797 1489 1691 1500 1398 1559 1831 1877 1150 1072 1622 1986 1354 1923 1937 1969 1247 1917 1534 1724 1612 1510 1275 1585 1129 1349 1706 1734 1526 1945 1460 1195 1371 1646 1528 1837 1652 1582 1734 1351 1824 1615 1034 1589 1003 1022 1447 1170 1330 1724 1185 1999 1908 1764 1748 1505 1815 1101 1468 1410 1224 1935 1652 1491 1922 1840 1776 1943 1419 1325 1821 1740 1950 1486 1531 1888 1330 1427 1929 1963 1133 1956 1642 1593 1605 1229 1748 1062 1809 1113 1445 1095 1825 1756 1441 BCNSPRNW ULIB Ver.6.0+V

เปลี่ยนเป็นภาษาไทย

Change to English
 แสดงรายละเอียดบรรณานุกรม
  กลับหน้าหลัก

Brief Record : Get Marc (ISO 2709) : E-mail record : QR code < ปิดหน้าต่าง
LEADER : 00000nam 2200000uu 4500
001    13399128425
003     ULIB
008    020711s2565 th a 000 0 tha d
020    ^a9786160455683
060    ^aWM171^bค989ภ
100    ^aไคลแมน แคเรน
245    ^aภาวะซึมเศร้าหลังคลอด/^cไคลแมน แคเรน
250    ^aพิมพ์ครั้งที่ 1
260    ^aกรุงเทพฯ :^bนานมีบุ๊คส์,^c2565
300    ^a416 หน้า;^b19 ซม.
650    ^aภาวะซึมเศร้า
650    ^aภาวะซึมเศร้าหลังคลอด
945    ^p385^l0^i010156
945    ^p385^l0^i010157
945    ^p385^l0^i010158
945    ^p385^l0^i010159
945    ^p385^l0^i010160
945    ^p385^l0^i010161
945    ^p385^l0^i010162
999    ^aประนอม เกษจรัล
รายการนี้ยังไม่มีแท็ก
คุณยังไม่ได้ล็อกอิน คุณสามารถมีกิจกรรมร่วมกับเว็บไซต์ได้ แต่ต้องล็อกอินก่อน ::
  ล็อกอิน

รายการสื่อสารสนเทศ

ลำดับที่ ประเภท เลขเรียก/บาร์โค้ด สถานที่ สถานะ
1. วิทยาศาสตร์การแพทย์ และสุขภาพ
หนังสือสำรอง
สถานะ=หนังสือสำรอง
WM171 ค989ภ ฉ.1 
  Barcode: 010156
ห้องสมุดวิทยาเขตสวรรค์ประชารักษ์
►หนังสือทั่วไป
บนชั้น
2. วิทยาศาสตร์การแพทย์ และสุขภาพ
วิทยาศาสตร์การแพทย์ และสุขภาพ
WM171 ค989ภ ฉ.2 
  Barcode: 010157
ห้องสมุดวิทยาเขตสวรรค์ประชารักษ์
►หนังสือทั่วไป
บนชั้น
3. วิทยาศาสตร์การแพทย์ และสุขภาพ
วิทยาศาสตร์การแพทย์ และสุขภาพ
WM171 ค989ภ ฉ.3 
  Barcode: 010158
ห้องสมุดวิทยาเขตสวรรค์ประชารักษ์
►หนังสือทั่วไป
บนชั้น
4. วิทยาศาสตร์การแพทย์ และสุขภาพ
วิทยาศาสตร์การแพทย์ และสุขภาพ
WM171 ค989ภ ฉ.4 
  Barcode: 010159
ห้องสมุดวิทยาเขตสวรรค์ประชารักษ์
►หนังสือทั่วไป
บนชั้น
5. วิทยาศาสตร์การแพทย์ และสุขภาพ
วิทยาศาสตร์การแพทย์ และสุขภาพ
WM171 ค989ภ ฉ.5 
  Barcode: 010160
ห้องสมุดวิทยาเขตสวรรค์ประชารักษ์
►หนังสือทั่วไป
บนชั้น
6. วิทยาศาสตร์การแพทย์ และสุขภาพ
วิทยาศาสตร์การแพทย์ และสุขภาพ
WM171 ค989ภ ฉ.6 
  Barcode: 010161
ห้องสมุดวิทยาเขตสวรรค์ประชารักษ์
►หนังสือทั่วไป
บนชั้น
7. วิทยาศาสตร์การแพทย์ และสุขภาพ
วิทยาศาสตร์การแพทย์ และสุขภาพ
WM171 ค989ภ ฉ.7 
  Barcode: 010162
ห้องสมุดวิทยาเขตสวรรค์ประชารักษ์
►หนังสือทั่วไป
บนชั้น

รายการใกล้เคียง
    ผู้แต่ง [ไคลแมน แคเรน]

    หัวเรื่อง [ภาวะซึมเศร้า]
    หัวเรื่อง [ภาวะซึมเศร้าหลังคลอด]

BibComment


ยังไม่เคยถูกคอมเมนท์

คอมเมนท์ทรัพยากรรายการนี้
  คอมเมนท์: ภาวะซึมเศร้าหลัง..


 Copyright 2026. Bcnsprnw @Library